| 000 | 00471 a2200193 4500 | ||
|---|---|---|---|
| 005 | 20260211130426.0 | ||
| 008 | 260211b |||||||| |||| 00| 0 eng d | ||
| 020 |
_a9780190124731 _cRs. 645.00 |
||
| 040 | _aMAIN | ||
| 082 |
_a301.633 _bK133V |
||
| 100 | _aKannabiran, Kalpana | ||
| 245 | _aViolence studies | ||
| 260 |
_bOxford _c2016 _aNew Delhi |
||
| 300 | _aviii, 396 | ||
| 650 | _aSociology | ||
| 650 | _aSocial Processes | ||
| 650 | _aViolence | ||
| 942 | _cBK | ||
| 999 |
_c395068 _d395068 |
||